<?xml version="1.0" encoding="UTF-8"?><?xml-stylesheet type="text/xsl" href="static/style.xsl"?><OAI-PMH xmlns="http://www.openarchives.org/OAI/2.0/" xmlns:xsi="http://www.w3.org/2001/XMLSchema-instance" xsi:schemaLocation="http://www.openarchives.org/OAI/2.0/ http://www.openarchives.org/OAI/2.0/OAI-PMH.xsd"><responseDate>2026-04-17T03:00:15Z</responseDate><request verb="GetRecord" identifier="oai:www.recercat.cat:2099.1/25147" metadataPrefix="marc">https://recercat.cat/oai/request</request><GetRecord><record><header><identifier>oai:recercat.cat:2099.1/25147</identifier><datestamp>2025-07-22T22:59:53Z</datestamp><setSpec>com_2072_1033</setSpec><setSpec>col_2072_452951</setSpec></header><metadata><record xmlns="http://www.loc.gov/MARC21/slim" xmlns:dcterms="http://purl.org/dc/terms/" xmlns:xsi="http://www.w3.org/2001/XMLSchema-instance" xmlns:doc="http://www.lyncode.com/xoai" xsi:schemaLocation="http://www.loc.gov/MARC21/slim http://www.loc.gov/standards/marcxml/schema/MARC21slim.xsd">
   <leader>00925njm 22002777a 4500</leader>
   <datafield ind2=" " ind1=" " tag="042">
      <subfield code="a">dc</subfield>
   </datafield>
   <datafield ind2=" " ind1=" " tag="720">
      <subfield code="a">Munar Gomila, Joan</subfield>
      <subfield code="e">author</subfield>
   </datafield>
   <datafield ind2=" " ind1=" " tag="260">
      <subfield code="c">2014-11</subfield>
   </datafield>
   <datafield ind2=" " ind1=" " tag="520">
      <subfield code="a">Aquest projecte final de màster (PFM) neix arrel de l’anàlisi del model i paràmetres del&#xd;
sistema de reaprovisionament d’una empresa de distribució de materials de construcció.&#xd;
L’objectiu d’aquest projecte és cercar el millor aprofitament dels recursos humans,&#xd;
tecnològics i de capital amb els que compta l’empresa. Aquest millor aprofitament,&#xd;
inevitablement passa per una correcta gestió dels propis processos que composen la&#xd;
seva estructura logística de l’empresa i per una bona gestió del seu principal actiu,&#xd;
l’estoc. Així dons, aquest projecte s’ha estructurat al voltant de l’estoc i de la seva optimització.&#xd;
Una vegada caracteritzada l’empresa i els principals elements de la seva cadena&#xd;
d’aprovisionament (capítol 3), es presenta l’actualització del model de reaprovisionament, fruit de l’anàlisi del model anterior (capítol 4) per a continuació&#xd;
descriure els principals canvis en les operacions/processos de l’empresa amb l’objectiu de mantenir, o fins i tot incrementar, el nivell de servei de l’empresa amb una reducció de l'estoc mitjà (capítol 5).</subfield>
   </datafield>
   <datafield tag="653" ind2=" " ind1=" ">
      <subfield code="a">Àrees temàtiques de la UPC::Economia i organització d'empreses::Direcció d’operacions::Anàlisi de processos de negoci i de fabricació</subfield>
   </datafield>
   <datafield tag="653" ind2=" " ind1=" ">
      <subfield code="a">Inventory control</subfield>
   </datafield>
   <datafield tag="653" ind2=" " ind1=" ">
      <subfield code="a">Industrial efficiency</subfield>
   </datafield>
   <datafield tag="653" ind2=" " ind1=" ">
      <subfield code="a">Industrial productivity</subfield>
   </datafield>
   <datafield tag="653" ind2=" " ind1=" ">
      <subfield code="a">Gestió d'estocs</subfield>
   </datafield>
   <datafield tag="653" ind2=" " ind1=" ">
      <subfield code="a">Eficiència industrial</subfield>
   </datafield>
   <datafield tag="653" ind2=" " ind1=" ">
      <subfield code="a">Productivitat industrial</subfield>
   </datafield>
   <datafield ind2="0" ind1="0" tag="245">
      <subfield code="a">Optimització de l'estoc com a eina per a la millora de processos i operacions</subfield>
   </datafield>
</record></metadata></record></GetRecord></OAI-PMH>